Responses for Show #7224 - Thursday, January 28, 2016

Contestants

[<< previous game]

Mara Apostol, a criminal defense attorney from Miami, Florida

Phyllis Kidd, a retired teacher from Glen Ellyn, Illinois

Fred Vaughn, an Internet operations technician from Mineral Point, Wisconsin (whose 4-day cash winnings total $65,700)

[next game >>]

Jeopardy! Round responses

COIF MEDICINE
PRESIDENTIAL SURNAMES ON FILM
"O" IN LITERATURE
MATH TERMS
5-LETTER VERBS
CHICAGO HISTORY
(Jimmy: From the Great Fire to the great buildings, we learn about it from the Chicago History Museum.)
    $200 26
vinegar

Mara
    $200 2
Truman

Fred
    $200 6
an ode

Mara
    $200 7
pi

Fred
    $200 17
annul

Mara
    $200 8
(Mara: Who is Mrs. Murphy?)

Mrs. O'Leary

FredMara
    $400 27
baking soda

Fred
    $400 1
Adams

Phyllis
    $400 13
Oedipus

Phyllis
    $400 10
a Venn diagram

Phyllis
    $400 21
eject

Triple Stumper
    $400 9
moonshine

Mara
    $600 28
chlorine

Mara
    $600 3
Wilson

Fred
    $600 14
Out of Africa

Phyllis
    $600 18
the lowest common multiple

Mara
    $600 22
boast

Mara
    $600 11
the "El"

Fred
    $800 29
conditioner

Mara
    $800 4
Madison

Triple Stumper
    $2,000 15
(Mara: What is Omoo?)

The Old Man and the Sea

Phyllis
    $800 19
complementary

Mara
    $800 23
split

Mara
    $800 12
(Fred: What is Montgomery Ward?)

Sears

FredPhyllis
    $1000 30
Head & Shoulders

Mara
    $1000 5
Carter

Fred
    $1000 16
(Alex: Now is the time for that. You were just one clue ahead of yourself.)
(Mara: Just one early. [Laughs])

Omoo

Phyllis
    $1000 20
tangent

Mara
    $1000 24
barge

Triple Stumper
    $1000 25
(Alex: [*], with less than a minute to go now in this round.)

(Nathan) Leopold

Fred

Scores at the first commercial break (after clue 13):

Fred Phyllis Mara
$2,000 $2,000 $400

Scores at the end of the Jeopardy! Round:

Fred Phyllis Mara
$3,400 $1,600 $7,000

Double Jeopardy! Round responses

MURPHY!
AS I LIVE & BREATHE
YOU OLD SON OF A GUN MAKER
WHERE YOU BEEN?
LONG TIME
NO C
(Alex: And in that last category, each correct response will be one word of a pair. But it'll be the word that is--does not begin with the letter "C", okay? Common pairs.)
    $400 8
Murphy Brown

Phyllis
    $400 12
oxygen

Fred
    $400 26
(Fred: Uh, what are headphones?)
(Phyllis: What are earplugs?)

earmuffs

FredPhyllis
Triple Stumper
    $400 1
Buenos Aires

Fred
    $400 6
(Phyllis: What's a mule?)

an elephant

FredPhyllis
    $400 15
(Alex: Yes, not curds.)

whey

Phyllis
    $800 9
free throws

Mara
    $800 13
the diaphragm

Mara
    $800 27
John T. Thompson

Triple Stumper
    $800 2
K2

Phyllis
    $800 7
a siege

Triple Stumper
    $800 16
(Alex: [*], not crannies.)

nooks

Fred
    $1200 11
Glee

Mara
    $1200 14
the trachea

Fred
    $1200 28
Remington

Phyllis
    $1200 3
Syria

Fred
    $1200 10
Tom Bradley

Fred
    $1200 17
(Alex: [*], yes, not circumstance.)

pomp

Mara
    $1600 20
(Fred: What is Memento?)
(Mara: What is Red Eye?)

Inception

FredMara
Triple Stumper
    $3,000 22
(Alex: Mara?)
(Mara: What's a cava?)

lobes

Mara
    $1600 29
[The end-of-round signal sounds.]

Israel

Phyllis
    $1600 4
Peking Man

Phyllis
    $1600 24
the Holy Roman Empire

Phyllis
    $1600 18
(Alex: [*], yes, not chaud.)

froid

Fred
    $2000 21
Eddie Murphy

Mara
    $2000 23
SARS

Mara
    $2000 5
Antilles

Fred
    $2000 25
(Fred: What's an epoch?)
...
(Alex: And with less than a minute to go, Phyllis, you pick the next clue.)

an eon

Fred
Triple Stumper
    $3,000 19
Pollux

Fred

Scores at the end of the Double Jeopardy! Round:

Fred Phyllis Mara
$11,600 $8,400 $10,400

[wagering suggestions for these scores]

Final Jeopardy! Round responses

BRITISH MUSICAL THEATRE
PhyllisWhat is The Mikado?
$3,201
MaraWhat is "the Mikado"
$6,401
FredWhat is the Mikado??
$5,000
The Mikado

Final scores:

Fred Phyllis Mara
$16,600 $11,601 $16,801
2nd place: $2,000 3rd place: $1,000 New champion: $16,801

Game dynamics:

Coryat scores:

Fred Phyllis Mara
$10,600 $10,400 $13,400
18 R
(including 1 DD),
4 W
13 R,
3 W
(including 1 DD)
18 R,
3 W
(including 1 DD)

Combined Coryat: $34,400

[game clues] [game scores] [suggest correction]

Game tape date: 2015-12-15
The J! Archive is created by fans, for fans. Scraping, republication, monetization, and malicious use prohibited; this site may use cookies and collect identifying information. See terms. The Jeopardy! game show and all elements thereof, including but not limited to copyright and trademark thereto, are the property of Jeopardy Productions, Inc. and are protected under law. This website is not affiliated with, sponsored by, or operated by Jeopardy Productions, Inc. Join the discussion at JBoard.tv.